00422nam a22001457a 450000500170000000800410001702000150005804100120007308200120008510000230009724500550012026000460017530000310022165000240025220231024084225.0231024b |||||||| |||| 00| 0 eng d a0702108197 aEnglish a347 JAC aJacobs. MlEnglish aThe Law of Arbitration in South Africa /cM Jacobs aCape Town : bJuta and Company Ltd,c1997 bxxxiv, 225 pages ;c26 cm. aLegal PracticebLaw